Manual de derecho administrativo
Furkejuvvon:
| Váldodahkki: | |
|---|---|
| Materiálatiipa: | Girji |
| Giella: | espánnjágiella |
| Almmustuhtton: |
Madrid
Civitas
1992
|
| Preanttus: | 3a. ed |
| Ráidu: | Tratados y Manuales
|
| Fáttát: | |
| Fáddágilkorat: |
Lasit fáddágilkoriid
Eai fáddágilkorat, Lasit vuosttaš fáddágilkora!
|
MARC
| LEADER | 00000nam a2200000 a 4500 | ||
|---|---|---|---|
| 001 | UCV3608 | ||
| 003 | CL-VaPUC | ||
| 008 | 930924e19920000SP |||||||||||||||||spa|d | ||
| 082 | 0 | 4 | |a 342.06 |b COS |2 21 |
| 100 | 0 | |a Cosculluela Montaner, Luis |e author |9 297853 | |
| 245 | 1 | 0 | |a Manual de derecho administrativo |
| 250 | |a 3a. ed | ||
| 300 | |a v | ||
| 942 | |c BK | ||
| 945 | |d 19930924 00:00:00 | ||
| 260 | |a Madrid |b Civitas |c 1992 | ||
| 650 | 0 | |a Derecho administrativo |9 254851 | |
| 583 | |a last modification |c 19930924 00:00:00 |k Rodrigo Vera | ||
| 490 | 0 | |a Tratados y Manuales | |
| 999 | |c 210761 |d 210759 | ||
| 952 | |0 0 |1 0 |4 0 |6 342_060000000000000_COS_1992 |7 0 |8 A |9 187239 |a BIBDER |b BIBDER |d 2019-11-14 |h v.1 |i 2549395 |l 1 |m 4 |o 342.06 COS 1992 |p 2549395 |q 2025-07-31 |r 2020-02-27 |s 2020-02-27 |w 2019-11-14 |y BK |k DER | ||